00479nam a2200133Ia 450000500170000000800460001703700290006304000200009204100130011208400210012510000190014624501220016526000580028720250508153908.0008 250505s9999 xx 000 0 eng d aBooks to be hide in OPAC aFEDLbengcFEDL aeng2eng a371, TEA/OqFEDL aLaurie A P Ed. 0aTeacher's encyclopaedia of theory, methods, practice, history and development of education at home and abroad. 7 Vol. aClun House bCaxton Publishing Company, Limitedc1912